Countries By Territories - Statistics

General Stats
  • This quiz has been taken 705 times
  • The average score is 11 of 16
Answer Stats
Territory Country % Correct
Puerto Rico United States
99%
Macau China
88%
Kosovo Serbia
85%
Gibraltar United Kingdom
85%
Faroe Islands Denmark
77%
New Caledonia France
74%
Aruba Netherlands
74%
Svalbard Norway
74%
Christmas Island Australia
72%
Åland Islands Finland
69%
Cook Islands New Zealand
68%
Turks and Caicos Islands United Kingdom
65%
Abkhazia Georgia
63%
Niue New Zealand
62%
Transnistria Moldova
54%
Clipperton Island France
36%
No matching quizzes found
Score Distribution
Percent of People with Each Score
Percentile by Number Answered
Your Score History
You have not taken this quiz